banner-ar

سيناء الطبيعة والتاريخ والانسان والاهل / (Record no. 38291)

MARC details
000 -الفاتح
حقل البيانات ثابتة الطول 00813nam a2200253Ia 4500
008 - عناصر البيانات ثابتة الطول - معلومات عامة
حقل البيانات ثابتة الطول 140319s9999 xx 000 0 ara d
040 ## - مصدر الفهرسة
وكالة الفهرسة الأصلية GCL /
وكالة النسخ GCL
082 04 - رقم تصنيف ديوى العشرى
رقم التصنيف ق
رقم المادة 962.39
-- ا س
100 1# - المدخل الرئيسى - إسم شخصى
الإسم الشخصى احمد بهاءالدين
245 10 - بيان العنوان
العنوان سيناء الطبيعة والتاريخ والانسان والاهل /
بيان المسئوليه,etc احمد بهاءالدين
700 1# - المدخل الاضافى - اسم شخصى
الإسم الشخصى دار الهلال
300 ## - الوصف المادى
التعداد 242 ص
490 ## - بيان السلسلة
عنوان السلسلة الهلال
رقم المجلد/ التعيين التسلسلي 0
650 04 - المدخل الاضافى بالموضوع-مصطلح موضوعى
مصطلح موضوعي العادات والتقاليد
650 04 - المدخل الاضافى بالموضوع-مصطلح موضوعى
مصطلح موضوعي الجغرافيا الطبيعية
650 04 - المدخل الاضافى بالموضوع-مصطلح موضوعى
مصطلح موضوعي القبائل العربية
650 04 - المدخل الاضافى بالموضوع-مصطلح موضوعى
مصطلح موضوعي البدو
650 04 - المدخل الاضافى بالموضوع-مصطلح موضوعى
مصطلح موضوعي سيناء
650 04 - المدخل الاضافى بالموضوع-مصطلح موضوعى
مصطلح موضوعي الموارد الاقتصادية
650 04 - المدخل الاضافى بالموضوع-مصطلح موضوعى
مصطلح موضوعي الموارد الطبيعية
650 04 - المدخل الاضافى بالموضوع-مصطلح موضوعى
مصطلح موضوعي دير سانت كاترين
942 ## - عناصر المدخل الإضافي( كوها)
مصدر التصنيف او مخطط الترفيف Dewey Decimal Classification
Koha [default] item type كتاب
Holdings
حالة التراجع حالة الفقد حالة تلف ليس للاعارة المكان المؤقت الموقع الحالى تاريخ الاكتساب اجمالي اﻻعارات رقم الطلب الباركود تاريخ اخر مشاهدة تاريخ تفعيل السعر نوع وعاء كوها
        مكتبة القاهرة الكبرى مكتبة القاهرة الكبرى 03/26/2014   ق\962.39\ا س 93396 03/26/2014 03/26/2014 كتاب

Powered By

EGPV